书目信息 |
| 题名: |
数据库管理与数据分析
|
|
| 作者: | 郭进 , 吕峻闽 , 徐鸿雁 主编 | |
| 分册: | ||
| 出版信息: | 北京 电子工业出版社 2017.09 |
|
| 页数: | 273页 | |
| 开本: | 26cm | |
| 丛书名: | ||
| 单 册: | ||
| 中图分类: | TP311.138SQ , TP311.138 | |
| 科图分类: | ||
| 主题词: | 关系数据库系统--可视化软件--高等教育--教材 | |
| 电子资源: | ||
| ISBN: | 978-7-121-32189-4 | |
| 000 | 01330nam0 2200289 450 | |
| 001 | 1278 | |
| 005 | 20180927171056.82 | |
| 010 | @a978-7-121-32189-4@dCNY45.00 | |
| 100 | @a20170905d2017 em y0chiy50 ea | |
| 101 | 0 | @achi |
| 102 | @aCN@b110000 | |
| 105 | @ay z 000yy | |
| 200 | 1 | @a数据库管理与数据分析@9shu ju ku guan li yu shu ju fen xi@eSQL Server 2012+Tableau@f郭进,吕峻闽,徐鸿雁主编 |
| 210 | @a北京@c电子工业出版社@d2017.09 | |
| 215 | @a273页@d26cm | |
| 300 | @a普通高等教育计算机系列规划教材 | |
| 330 | @a本书集数据管理和数据分析为一体,以微软公司最新数据库产品SQL Server 2012为数据平台,在简述传统数据库理论的基础上,首先认识数据,掌握数据库设计原理,将数据以关系化方式存储到数据库中,然后基于SQL Server 2012平台进行数据库管理操作,最后基于Tableau平台进行数据分析和展示,结合案例数据进行商业智能化分析,提供详实可视化的智能分析报告。同时,本书设计练习实验,强化实践教学和综合应用,并给出案例数据的完整分析和设计过程系统开发过程,有利于读者对照学习。 | |
| 606 | 0 | @a关系数据库系统@x可视化软件@x高等教育@j教材 |
| 610 | 0 | @aSQL Server |
| 610 | 0 | @aTableau |
| 690 | @aTP311.138SQ@v5 | |
| 690 | @aTP311.138@v4 | |
| 701 | 0 | @a郭进@9guo jin@f(1982-)@4主编 |
| 701 | 0 | @a吕峻闽@9lv jun min@4主编 |
| 701 | 0 | @a徐鸿雁@9xu hong yan@4主编 |
| 801 | 0 | @aCN@b91MARC@c20170905 |
| 905 | @aMuseLib@dTP311.138@e1267 | |
| 数据库管理与数据分析:SQL Server 2012+Tableau/郭进,吕峻闽,徐鸿雁主编.-北京:电子工业出版社,2017.09 |
| 273页;26cm |
| 普通高等教育计算机系列规划教材 |
| ISBN 978-7-121-32189-4:CNY45.00 |
| 本书集数据管理和数据分析为一体,以微软公司最新数据库产品SQL Server 2012为数据平台,在简述传统数据库理论的基础上,首先认识数据,掌握数据库设计原理,将数据以关系化方式存储到数据库中,然后基于SQL Server 2012平台进行数据库管理操作,最后基于Tableau平台进行数据分析和展示,结合案例数据进行商业智能化分析,提供详实可视化的智能分析报告。同时,本书设计练习实验,强化实践教学和综合应用,并给出案例数据的完整分析和设计过程系统开发过程,有利于读者对照学习。 |
| ● |
| 相关链接 |
|
|
|
|
正题名:数据库管理与数据分析
索取号:TP311.138/1267
 
预约/预借
| 序号 | 登录号 | 条形码 | 馆藏地/架位号 | 状态 | 备注 |
| 1 | 1122177 | 211221774 | 第二样本阅览室/ [索取号:TP311.138/1267] | 在馆 | |
| 2 | 1122178 | 211221783 | 第三借阅区/ [索取号:TP311.138/1267] | 在馆 | |
| 3 | 1122179 | 211221792 | 第三借阅区/ [索取号:TP311.138/1267] | 在馆 | |
| 4 | 1122180 | 211221809 | 第三借阅区/ [索取号:TP311.138/1267] | 在馆 | |
| 5 | 1122181 | 211221818 | 第三借阅区/ [索取号:TP311.138/1267] | 在馆 |